European countries by size - Statistics

General Stats
  • This quiz has been taken 66 times
  • The average score is 32 of 45
Answers on the Map
Answers color-coded by a green-red scale on the quiz's map according to % correct below.
 
Answer Stats
Answer % Correct
Russia
100%
Ukraine
98%
France
96%
Spain
96%
Germany
93%
Sweden
93%
Finland
91%
Italy
89%
Norway
89%
Poland
89%
UK
87%
Belarus
85%
Bulgaria
85%
Greece
85%
Romania
85%
Hungary
78%
Iceland
78%
Portugal
74%
Ireland
70%
Serbia
70%
Austria
67%
Czech Republic
67%
Bosnia
63%
Slovakia
63%
Croatia
61%
Denmark
61%
Latvia
61%
Lithuania
61%
Albania
59%
Belgium
59%
Estonia
59%
Moldova
59%
Netherlands
59%
San Marino
59%
Vatican
59%
Monaco
57%
Montenegro
57%
Slovenia
57%
Switzerland
57%
Andorra
54%
Kosovo
54%
Liechtenstein
54%
North Macedonia
54%
Malta
52%
Luxembourg
17%
No matching quizzes found
Score Distribution
Percent of People with Each Score
Percentile by Number Answered
Your Score History
You have not taken this quiz